| 000 | 00646nam a22001937a 4500 | ||
|---|---|---|---|
| 005 | 20251108164013.0 | ||
| 008 | 250721s1998 xx 000 0 ara d | ||
| 082 | 1 | 4 | _a346.01/عكا |
| 100 | 1 | _aالطيبي، عكاشه عبد المنان | |
| 245 | 1 | 0 | _aأسئلة النساء القانونية وأجوبة كبار المحامين عليها / |
| 264 | 1 |
_aبيروت : _bالمكتبة الثقافية، _c1998. |
|
| 300 | _a128ص. | ||
| 650 | 1 | 7 | _aقانون الأحوال الشخصية |
| 650 | 1 | 7 | _aالقانون المدني |
| 650 | 1 | 7 | _aالمرأة |
| 650 | 1 | 7 | _aحقوق المرأة |
| 942 |
_2ddc _cBK |
||
| 999 |
_c1182 _d1182 |
||